[Event "Titled Tuesday intern op 24th Oct Late"]
[Site "Chess.com INT"]
[Date "2023.10.24"]
[Round "10"]
[White "Chiu, Isaac"]
[Black "Baghdasaryan, Vahe"]
[Result "1/2-1/2"]
[WhiteElo "2226"]
[BlackElo "2264"]
[PlyCount "93"]
[EventDate "2023.10.24"]
[EventType "swiss (blitz)"]
[EventRounds "11"]
[EventCountry "USA"]
[SourceTitle "Mega2024 Update 01"]
[Source "Chessbase"]
[SourceDate "2023.11.12"]
[SourceVersion "1"]
[SourceVersionDate "2023.11.12"]
[SourceQuality "1"]

1. e4 e5 2. Nf3 Nc6 3. Bb5 a6 4. Ba4 Nf6 5. 0-0 Be7 6. d3 b5 7. Bb3 0-0 8. a4 b4 9. a5 d5 10. exd5 Nxd5 11. Nbd2 Nf6 12. h3 Bf5 13. Qe2 Bd6 14. Ne4 Be7 15. Bg5 h6 16. Bxf6 Bxf6 17. Rfe1 Bg6 18. Qe3 Be7 19. Ned2 Bd6 20. Nc4 Qf6 21. Nh2 Nd4 22. Ng4 Qd8 23. Ncxe5 Nxb3 24. cxb3 Bf5 25. d4 Re8 26. Qf3 Be6 27. d5 Bxg4 28. Qxf7+ Kh8 29. Ng6+ Kh7 30. hxg4 Rxe1+ 31. Rxe1 Qg5 32. Ne7 Qxg4 33. Qf5+ Qxf5 34. Nxf5 Rb8 35. Re4 Rb5 36. Nxd6 cxd6 37. g3 Rxd5 38. Rxb4 Rxa5 39. Rb6 d5 40. Rd6 Rb5 41. Rxa6 Rxb3 42. Rd6 Rb5 43. b4 Kg8 44. Kg2 Kf7 45. Kf3 Ke7 46. Rg6 Kf7 47. Rd6 1/2-1/2

[Event "Titled Tuesday intern op 24th Oct Late"]
[Site "Chess.com INT"]
[Date "2023.10.24"]
[Round "6"]
[White "Chiu, Isaac"]
[Black "Caruana, Fabiano"]
[Result "0-1"]
[WhiteElo "2226"]
[BlackElo "2786"]
[PlyCount "70"]
[EventDate "2023.10.24"]
[EventType "swiss (blitz)"]
[EventRounds "11"]
[EventCountry "USA"]
[SourceTitle "Mega2024 Update 01"]
[Source "Chessbase"]
[SourceDate "2023.11.12"]
[SourceVersion "1"]
[SourceVersionDate "2023.11.12"]
[SourceQuality "1"]

1. e4 c5 2. Nf3 d6 3. d4 cxd4 4. Nxd4 Nf6 5. Nc3 a6 6. Be3 e5 7. Nb3 Be7 8. h3 h6 9. Qf3 Be6 10. g4 0-0 11. Rg1 Nh7 12. 0-0-0 a5 13. Nc5 Nc6 14. Nxe6 fxe6 15. Qg3 Bg5 16. Bc4 Qe7 17. Kb1 Rad8 18. Bb6 Rd7 19. Rh1 Bf4 20. Qg2 Nd4 21. h4 Rc8 22. Bd3 Rf8 23. Nb5 Nc6 24. c3 g5 25. hxg5 Bxg5 26. Bc4 Kg7 27. Rh3 a4 28. Rhd3 Nf6 29. Nxd6 Kh7 30. Bc5 Na5 31. Bb5 Rdd8 32. Bb4 Nc6 33. Bxc6 bxc6 34. f3 Qa7 35. Qc2 c5 0-1

[Event "Titled Tuesday intern op 24th Oct Late"]
[Site "Chess.com INT"]
[Date "2023.10.24"]
[Round "5"]
[White "Chiu, Isaac"]
[Black "Le, Quang Liem"]
[Result "1/2-1/2"]
[WhiteElo "2226"]
[BlackElo "2733"]
[PlyCount "51"]
[EventDate "2023.10.24"]
[EventType "swiss (blitz)"]
[EventRounds "11"]
[EventCountry "USA"]
[SourceTitle "Mega2024 Update 01"]
[Source "Chessbase"]
[SourceDate "2023.11.12"]
[SourceVersion "1"]
[SourceVersionDate "2023.11.12"]
[SourceQuality "1"]

1. e4 c6 2. Nf3 d5 3. d3 dxe4 4. dxe4 Qxd1+ 5. Kxd1 Nf6 6. Nbd2 g6 7. Ne5 Bg7 8. Nd3 Nbd7 9. f3 0-0 10. c3 Ne8 11. Kc2 f5 12. exf5 gxf5 13. f4 Nd6 14. Be2 e5 15. fxe5 Nxe5 16. Nxe5 Bxe5 17. Nf3 Bg7 18. Bf4 Ne4 19. Bc4+ Kh8 20. Ne5 b5 21. Bb3 Nc5 22. Nf7+ Kg8 23. Nh6+ Kh8 24. Nf7+ Kg8 25. Nh6+ Kh8 26. Nf7+ 1/2-1/2

[Event "Titled Tuesday intern op 24th Oct Late"]
[Site "Chess.com INT"]
[Date "2023.10.24"]
[Round "8"]
[White "Chiu, Isaac"]
[Black "Rosen, Eric S"]
[Result "1-0"]
[WhiteElo "2226"]
[BlackElo "2341"]
[PlyCount "51"]
[EventDate "2023.10.24"]
[EventType "swiss (blitz)"]
[EventRounds "11"]
[EventCountry "USA"]
[SourceTitle "Mega2024 Update 01"]
[Source "Chessbase"]
[SourceDate "2023.11.12"]
[SourceVersion "1"]
[SourceVersionDate "2023.11.12"]
[SourceQuality "1"]

1. e4 c5 2. Nf3 e6 3. b3 b6 4. Bb2 Bb7 5. Nc3 a6 6. d4 cxd4 7. Qxd4 Qc7 8. 0-0-0 Nc6 9. Qd2 Nge7 10. Kb1 Ng6 11. h4 h6 12. Be2 Rc8 13. h5 Nge5 14. Nxe5 Nxe5 15. f4 Bb4 16. Nb5 axb5 17. Qxb4 Qxc2+ 18. Ka1 Nc6 19. Qd6 Na5 20. Rc1 Nxb3+ 21. axb3 Ra8+ 22. Ba3 Rxa3+ 23. Qxa3 Qxe2 24. Rhe1 Qxh5 25. Rc7 Bc6 26. Rc8# 1-0

[Event "Titled Tuesday intern op 24th Oct Late"]
[Site "Chess.com INT"]
[Date "2023.10.24"]
[Round "2"]
[White "Contreras Torres, Javier"]
[Black "Chiu, Isaac"]
[Result "0-1"]
[WhiteElo "2296"]
[BlackElo "2226"]
[PlyCount "104"]
[EventDate "2023.10.24"]
[EventType "swiss (blitz)"]
[EventRounds "11"]
[EventCountry "USA"]
[SourceTitle "Mega2024 Update 01"]
[Source "Chessbase"]
[SourceDate "2023.11.12"]
[SourceVersion "1"]
[SourceVersionDate "2023.11.12"]
[SourceQuality "1"]

1. e4 g6 2. d4 Bg7 3. Nc3 d6 4. Be3 a6 5. f3 b5 6. Qd2 Bb7 7. g4 Nd7 8. h4 h6 9. Nge2 c5 10. h5 g5 11. Ng3 cxd4 12. Bxd4 Bxd4 13. Qxd4 Ngf6 14. Nf5 Qb6 15. 0-0-0 Qxd4 16. Rxd4 Nc5 17. Be2 Ne6 18. Rd2 Nf4 19. Rhd1 Bc6 20. Bf1 Nd7 21. Ne2 Nxe2+ 22. Bxe2 Ne5 23. Rd4 Bd7 24. Ne3 Be6 25. Kb1 0-0 26. a4 bxa4 27. Rxa4 a5 28. b3 Rfb8 29. Kb2 Rb4 30. Rda1 Rxa4 31. Rxa4 Kf8 32. c3 Rb8 33. b4 axb4 34. Rxb4 Ra8 35. Nc2 Ke8 36. Bb5+ Kd8 37. Nd4 Bd7 38. Bxd7 Nd3+ 39. Kb3 Nxb4 40. cxb4 Kxd7 41. Nf5 Rh8 42. b5 e6 43. Nd4 Kc7 44. Kb4 Kb6 45. Nb3 Rc8 46. Na5 d5 47. exd5 exd5 48. Nc6 Rxc6 49. bxc6 Kxc6 50. Kc3 Kc5 51. Kd3 d4 52. Kd2 Kc4 0-1

[Event "Washington op 9th"]
[Site "Rockville"]
[Date "2022.08.13"]
[Round "1"]
[White "Chiu, Isaac"]
[Black "Postny, Evgeny"]
[Result "0-1"]
[WhiteElo "2271"]
[BlackElo "2579"]
[PlyCount "82"]
[EventDate "2022.08.13"]
[EventType "swiss"]
[EventRounds "9"]
[EventCountry "USA"]
[SourceTitle "CBM 209 Extra"]
[Source "ChessBase"]
[SourceDate "2022.09.30"]
[SourceVersion "1"]
[SourceVersionDate "2022.09.30"]
[SourceQuality "1"]

1. e4 e5 2. Nf3 Nc6 3. Bb5 a6 4. Ba4 Nf6 5. 0-0 Be7 6. Re1 b5 7. Bb3 d6 8. c3 0-0 9. h3 Nb8 10. d4 Nbd7 11. c4 c6 12. Nc3 b4 13. Ne2 Nxe4 14. Qc2 Nef6 15. c5 d5 16. Nxe5 Nxe5 17. dxe5 Nd7 18. Nd4 Bb7 19. Ba4 Qc7 20. Be3 Nxc5 21. Rac1 Rfc8 22. Bxc6 Bxc6 23. Nf5 d4 24. Bxd4 Bb7 25. Nxe7+ Qxe7 26. Bxc5 Qg5 27. f3 Bxf3 28. Qf2 Bd5 29. a3 bxa3 30. bxa3 Rc6 31. Rc3 Rg6 32. Re2 Bxg2 33. Kh2 Bd5 34. Rg3 Qc1 35. Re1 Qc4 36. Rxg6 hxg6 37. Qd4 Qc2+ 38. Qf2 Qa4 39. Qd4 Qc6 40. Re2 Rc8 41. Bd6 Be6 0-1

[Event "Titled Tuesday intern op 02nd Aug Late"]
[Site "Chess.com INT"]
[Date "2022.08.02"]
[Round "7"]
[White "Chiu, Isaac"]
[Black "Espinosa Veloz, Ermes"]
[Result "0-1"]
[WhiteElo "2233"]
[BlackElo "2496"]
[PlyCount "42"]
[EventDate "2022.08.02"]
[EventType "swiss (blitz)"]
[EventRounds "11"]
[EventCountry "USA"]
[SourceTitle "EXT 2023"]
[Source "ChessBase"]
[SourceDate "2022.10.05"]
[SourceVersion "1"]
[SourceVersionDate "2022.10.05"]
[SourceQuality "1"]

1. b3 e5 2. Bb2 Nc6 3. c4 Nf6 4. e3 g6 5. d3 Bg7 6. Nc3 0-0 7. Nf3 d5 8. cxd5 Nxd5 9. a3 Re8 10. Be2 e4 11. Nxd5 exf3 12. Bxg7 fxe2 13. Qc2 Kxg7 14. Qc3+ f6 15. Nf4 Bf5 16. h4 Qd6 17. g4 Bxg4 18. Rg1 Ne5 19. Rg3 Nf3+ 20. Kxe2 Qxf4 21. Qxc7+ Qxc7 0-1

[Event "Titled Tuesday intern op 02nd Aug Late"]
[Site "Chess.com INT"]
[Date "2022.08.02"]
[Round "8"]
[White "Chiu, Isaac"]
[Black "Tarnowska, Aleksandra"]
[Result "1-0"]
[WhiteElo "2233"]
[BlackElo "1876"]
[PlyCount "45"]
[EventDate "2022.08.02"]
[EventType "swiss (blitz)"]
[EventRounds "11"]
[EventCountry "USA"]
[SourceTitle "EXT 2023"]
[Source "ChessBase"]
[SourceDate "2022.10.05"]
[SourceVersion "1"]
[SourceVersionDate "2022.10.05"]
[SourceQuality "1"]

1. b3 e5 2. Bb2 Nc6 3. e3 f5 4. Nf3 d6 5. c4 Nf6 6. d4 e4 7. d5 Ne7 8. Nd4 Ng6 9. Nc3 Be7 10. h4 0-0 11. h5 Ne5 12. Be2 h6 13. Qd2 c6 14. dxc6 bxc6 15. 0-0-0 Qa5 16. f4 exf3 17. gxf3 d5 18. f4 Neg4 19. Bxg4 Nxg4 20. Nxc6 Qc7 21. Nxd5 Qb7 22. Ndxe7+ Kh8 23. Ng6+ 1-0

[Event "Titled Tuesday intern op 02nd Aug Late"]
[Site "Chess.com INT"]
[Date "2022.08.02"]
[Round "3"]
[White "Paiva, Henrique MA Alberg"]
[Black "Chiu, Isaac"]
[Result "0-1"]
[WhiteElo "2078"]
[BlackElo "2233"]
[PlyCount "74"]
[EventDate "2022.08.02"]
[EventType "swiss (blitz)"]
[EventRounds "11"]
[EventCountry "USA"]
[SourceTitle "EXT 2023"]
[Source "ChessBase"]
[SourceDate "2022.10.05"]
[SourceVersion "1"]
[SourceVersionDate "2022.10.05"]
[SourceQuality "1"]

1. e4 Nf6 2. e5 Nd5 3. d4 d6 4. Nf3 dxe5 5. Nxe5 c6 6. c3 Nd7 7. Bc4 Nxe5 8. dxe5 Be6 9. 0-0 Nxc3 10. Nxc3 Qxd1 11. Rxd1 Bxc4 12. Rd4 Be6 13. Be3 g6 14. Rb4 b6 15. a4 c5 16. Re4 a5 17. Nb5 0-0-0 18. b4 Bd5 19. Rf4 Bh6 20. bxc5 Bxf4 21. Bxf4 bxc5 22. Rb1 Rd7 23. Nc3 Bb7 24. Rb5 Rd3 25. Rxc5+ Kb8 26. e6+ Ka7 27. exf7 Rf8 28. Be3 Kb8 29. Bf4+ Ka7 30. Be3 Rxf7 31. Nb5+ Ka8 32. h3 Rd7 33. Nc3 Rf5 34. Rc4 Kb8 35. g4 Rf3 36. Bf4+ Ka8 37. Bg3 Rxc3 0-1

[Event "Titled Tuesday intern op 02nd Aug Late"]
[Site "Chess.com INT"]
[Date "2022.08.02"]
[Round "9"]
[White "Vrbljanac, Aleksandar"]
[Black "Chiu, Isaac"]
[Result "0-1"]
[WhiteElo "2280"]
[BlackElo "2233"]
[PlyCount "58"]
[EventDate "2022.08.02"]
[EventType "swiss (blitz)"]
[EventRounds "11"]
[EventCountry "USA"]
[SourceTitle "EXT 2023"]
[Source "ChessBase"]
[SourceDate "2022.10.05"]
[SourceVersion "1"]
[SourceVersionDate "2022.10.05"]
[SourceQuality "1"]

1. e4 c6 2. Nf3 d5 3. Nc3 Nf6 4. e5 Ne4 5. Ne2 Qb6 6. d4 c5 7. c3 Nc6 8. Ng3 Nxg3 9. hxg3 Bg4 10. dxc5 Qxc5 11. Be3 Qa5 12. a4 e6 13. Bb5 a6 14. Bxc6+ bxc6 15. b4 Qc7 16. Qd4 Bxf3 17. gxf3 c5 18. bxc5 Rc8 19. Rb1 Be7 20. Rb6 0-0 21. Rxa6 Bxc5 22. Qh4 h6 23. Bxh6 Qxe5+ 24. Be3 f6 25. Qh7+ Kf7 26. Kf1 Bxe3 27. fxe3 Rc7 28. Kf2 Qxc3 29. Rc6 Qxc6 0-1

[Event "Titled Tuesday intern op 26th Jul Late"]
[Site "Chess.com INT"]
[Date "2022.07.26"]
[Round "5"]
[White "Sivakumar, Shaaketh"]
[Black "Chiu, Isaac"]
[Result "0-1"]
[WhiteElo "2119"]
[BlackElo "2233"]
[PlyCount "108"]
[EventDate "2022.07.26"]
[EventType "swiss (blitz)"]
[EventRounds "11"]
[EventCountry "USA"]
[SourceTitle "EXT 2023"]
[Source "ChessBase"]
[SourceDate "2022.10.05"]
[SourceVersion "1"]
[SourceVersionDate "2022.10.05"]
[SourceQuality "1"]

1. Nf3 d5 2. d4 Nf6 3. Bf4 e6 4. e3 Bd6 5. Bg3 0-0 6. Bd3 b6 7. Nbd2 c5 8. c3 Ba6 9. Bxa6 Nxa6 10. Qe2 Nb8 11. 0-0 Nc6 12. Bxd6 Qxd6 13. Rfd1 e5 14. dxc5 Qxc5 15. e4 dxe4 16. Nxe4 Nxe4 17. Qxe4 Rad8 18. h3 h6 19. Qe2 b5 20. Rxd8 Rxd8 21. Rd1 Re8 22. Qe4 Qc4 23. Qxc4 bxc4 24. Rd6 Rc8 25. Nd2 Na5 26. Rd5 Nb7 27. Rxe5 Kf8 28. Rb5 Nd6 29. Ra5 Rc7 30. Nf3 Rb7 31. Nd4 Rxb2 32. Rxa7 Ne4 33. Nf5 Kg8 34. Ne7+ Kh7 35. Nd5 Kg6 36. f3 Ng3 37. a4 h5 38. h4 Rd2 39. Rd7 Kh6 40. a5 Ne2+ 41. Kf2 Nxc3+ 42. Ke3 Rxd5 43. Rxd5 Nxd5+ 44. Kd4 c3 45. Kd3 Kg6 46. a6 Nb4+ 47. Kxc3 Nxa6 48. Kd4 Nc7 49. Ke5 f6+ 50. Kd6 Nb5+ 51. Ke6 Nd4+ 52. Kd5 Nc2 53. Ke4 f5+ 54. Ke5 Ne1 0-1

[Event "Titled Tuesday intern op 26th Jul Late"]
[Site "Chess.com INT"]
[Date "2022.07.26"]
[Round "3"]
[White "Zhukova, Natalia"]
[Black "Chiu, Isaac"]
[Result "0-1"]
[WhiteElo "2335"]
[BlackElo "2233"]
[PlyCount "74"]
[EventDate "2022.07.26"]
[EventType "swiss (blitz)"]
[EventRounds "11"]
[EventCountry "USA"]
[SourceTitle "EXT 2023"]
[Source "ChessBase"]
[SourceDate "2022.10.05"]
[SourceVersion "1"]
[SourceVersionDate "2022.10.05"]
[SourceQuality "1"]

1. c4 e5 2. Nc3 Nc6 3. Nf3 g6 4. d4 exd4 5. Nxd4 Bg7 6. Nxc6 bxc6 7. g3 Nf6 8. Bg2 0-0 9. 0-0 Re8 10. Qa4 Ng4 11. c5 Ne5 12. Ne4 d5 13. cxd6 cxd6 14. Rd1 d5 15. Bg5 f6 16. Bf4 Bd7 17. Nc5 Rb8 18. b4 Rb5 19. Rac1 g5 20. Bxe5 Rxe5 21. e4 Be8 22. exd5 cxd5 23. Qb3 Bf7 24. a4 Rb6 25. Rd4 Bf8 26. Nd3 Rd6 27. Nxe5 fxe5 28. Rd2 e4 29. Qd1 Qb6 30. b5 Be7 31. Rc8+ Kg7 32. Qa1+ Bf6 33. Qc1 e3 34. fxe3 Qxe3+ 35. Kh1 d4 36. Rc7 d3 37. Rxa7 Qxa7 0-1

[Event "Titled Tuesday intern op 19th Jul Late"]
[Site "Chess.com INT"]
[Date "2022.07.19"]
[Round "6"]
[White "Chiu, Isaac"]
[Black "Itkis, Boris"]
[Result "1-0"]
[WhiteElo "2233"]
[BlackElo "2338"]
[PlyCount "29"]
[EventDate "2022.07.19"]
[EventType "swiss (blitz)"]
[EventRounds "11"]
[EventCountry "USA"]
[SourceTitle "EXT 2023"]
[Source "ChessBase"]
[SourceDate "2022.10.05"]
[SourceVersion "1"]
[SourceVersionDate "2022.10.05"]
[SourceQuality "1"]

1. c4 c5 2. Nf3 Nc6 3. e3 g6 4. d4 cxd4 5. exd4 Bg7 6. d5 Ne5 7. Nc3 d6 8. Be2 Nxf3+ 9. Bxf3 Bxc3+ 10. bxc3 Nf6 11. Bh6 Nd7 12. 0-0 Qc7 13. Qd4 Ne5 14. Be2 Bd7 15. f4 1-0

[Event "Titled Tuesday intern op 19th Jul Late"]
[Site "Chess.com INT"]
[Date "2022.07.19"]
[Round "7"]
[White "Gokerkan, Cem Kaan"]
[Black "Chiu, Isaac"]
[Result "1-0"]
[WhiteElo "2465"]
[BlackElo "2233"]
[PlyCount "93"]
[EventDate "2022.07.19"]
[EventType "swiss (blitz)"]
[EventRounds "11"]
[EventCountry "USA"]
[SourceTitle "EXT 2023"]
[Source "ChessBase"]
[SourceDate "2022.10.05"]
[SourceVersion "1"]
[SourceVersionDate "2022.10.05"]
[SourceQuality "1"]

1. e4 c5 2. Nf3 d6 3. d4 cxd4 4. Nxd4 Nf6 5. Nc3 a6 6. Rg1 e5 7. Nb3 Be7 8. g4 Be6 9. g5 Nfd7 10. Be3 b5 11. h4 Nb6 12. h5 N8d7 13. g6 fxg6 14. hxg6 h6 15. Qf3 Qc7 16. 0-0-0 Rf8 17. Qh5 0-0-0 18. Nd5 Nxd5 19. exd5 Bf5 20. Bd3 Bxd3 21. Rxd3 Kb8 22. Rc3 Qb7 23. Na5 Nf6 24. Qe2 Qxd5 25. Nc6+ Kb7 26. Nxe7 Qe6 27. Nc6 Rc8 28. Na5+ Ka8 29. Rxc8+ Rxc8 30. Kb1 d5 31. c3 Ne4 32. f3 Nd6 33. Bf2 Nf5 34. Ka1 h5 35. Nb3 h4 36. Nc5 Qd6 37. Nd3 Re8 38. a4 e4 39. fxe4 Rxe4 40. Qf3 Rxa4+ 41. Kb1 Ne7 42. Qf8+ Kb7 43. Nc5+ Kc6 44. Qa8+ Kc7 45. Qb7+ Kd8 46. Nxa4 bxa4 47. Bxh4 1-0

[Event "Titled Tuesday intern op 19th Jul Late"]
[Site "Chess.com INT"]
[Date "2022.07.19"]
[Round "10"]
[White "Ovchinnikov, Vsevolod"]
[Black "Chiu, Isaac"]
[Result "0-1"]
[WhiteElo "2426"]
[BlackElo "2233"]
[PlyCount "58"]
[EventDate "2022.07.19"]
[EventType "swiss (blitz)"]
[EventRounds "11"]
[EventCountry "USA"]
[SourceTitle "EXT 2023"]
[Source "ChessBase"]
[SourceDate "2022.10.05"]
[SourceVersion "1"]
[SourceVersionDate "2022.10.05"]
[SourceQuality "1"]

1. d4 g6 2. Nf3 Bg7 3. c4 d6 4. Nc3 Nd7 5. e4 e5 6. Bg5 f6 7. Be3 Nh6 8. h3 Nf7 9. Be2 0-0 10. 0-0 c6 11. Qc2 a5 12. Rad1 Qe7 13. Rfe1 Bh6 14. Bxh6 Nxh6 15. Bf1 Kg7 16. b3 Nf7 17. g3 Rd8 18. Bg2 Nf8 19. Rd2 Re8 20. Kh2 h5 21. Qd1 Nh7 22. Nh4 Rb8 23. Rf1 g5 24. Nf5+ Bxf5 25. exf5 Rh8 26. Qxh5 Nf8 27. Qe2 Re8 28. d5 Nd7 29. dxc6 bxc6 0-1

[Event "Titled Tuesday intern op 19th Jul Late"]
[Site "Chess.com INT"]
[Date "2022.07.19"]
[Round "4"]
[White "Ulasevich, Sergei"]
[Black "Chiu, Isaac"]
[Result "0-1"]
[WhiteElo "2217"]
[BlackElo "2233"]
[PlyCount "108"]
[EventDate "2022.07.19"]
[EventType "swiss (blitz)"]
[EventRounds "11"]
[EventCountry "USA"]
[SourceTitle "EXT 2023"]
[Source "ChessBase"]
[SourceDate "2022.10.05"]
[SourceVersion "1"]
[SourceVersionDate "2022.10.05"]
[SourceQuality "1"]

1. d4 g6 2. c4 Bg7 3. Nc3 d6 4. e4 e5 5. Nf3 Nc6 6. Be3 exd4 7. Nxd4 Nf6 8. Be2 0-0 9. 0-0 Nxd4 10. Bxd4 Re8 11. Bd3 c6 12. Re1 Qa5 13. h3 Be6 14. b3 Rad8 15. Rc1 a6 16. Na4 c5 17. Bc3 Qc7 18. Qd2 Qc6 19. Ba5 Rb8 20. Nb6 Nd7 21. Nd5 Ne5 22. a4 Bxh3 23. f4 Nxd3 24. Qxd3 Bd4+ 25. Kh2 Be6 26. Bc3 Bxc3 27. Nxc3 Qb6 28. Rb1 Qd8 29. g3 Qf6 30. Rbd1 h5 31. Kg2 h4 32. Rh1 h3+ 33. Kf2 Red8 34. Nd5 Bxd5 35. exd5 b5 36. axb5 axb5 37. cxb5 Rb6 38. Rxh3 Rdb8 39. Rdh1 Rxb5 40. Rb1 Rb4 41. Rhh1 Rd4 42. Qe3 Rxd5 43. Rhd1 Rxd1 44. Rxd1 Rd8 45. Rd3 Kg7 46. Kg2 Qf5 47. Qf3 d5 48. Re3 d4 49. Re5 Qc2+ 50. Re2 Qc1 51. Qe4 d3 52. Qe5+ Kg8 53. Qe7 dxe2 54. Qxd8+ Kg7 0-1

[Event "World op 50th"]
[Site "Philadelphia"]
[Date "2022.07.03"]
[Round "7"]
[White "Chiu, Isaac"]
[Black "Thavandiran, Shiyam"]
[Result "1-0"]
[WhiteElo "2233"]
[BlackElo "2386"]
[PlyCount "79"]
[EventDate "2022.06.30"]
[EventType "swiss"]
[EventRounds "9"]
[EventCountry "USA"]
[SourceTitle "CBM 209 Extra"]
[Source "ChessBase"]
[SourceDate "2022.09.30"]
[SourceVersion "1"]
[SourceVersionDate "2022.09.30"]
[SourceQuality "1"]

1. Nf3 Nf6 2. d4 d6 3. Nc3 Bf5 4. Nh4 Bd7 5. e4 e5 6. Nf3 Nc6 7. d5 Ne7 8. a4 a6 9. a5 g6 10. Nd2 Bg7 11. Nc4 0-0 12. Be2 Nc8 13. g4 b5 14. axb6 cxb6 15. Ne3 a5 16. h4 Ne8 17. Nb5 Nf6 18. f3 h5 19. g5 Nh7 20. c4 Bxb5 21. cxb5 f6 22. gxf6 Bxf6 23. Ng2 Ra7 24. Be3 g5 25. hxg5 Bxg5 26. Rxh5 Rg7 27. Kd2 Ne7 28. Qh1 Ng6 29. Rg1 Qf6 30. Bxg5 Nxg5 31. Ne3 Nf4 32. Rh6 Rg6 33. Rxg6+ Qxg6 34. Nf5 Kf7 35. Rg4 Nfh3 36. Qc1 Qf6 37. Qc7+ Kg6 38. Rh4 Nxf3+ 39. Bxf3 Qg5+ 40. Kc2 1-0

[Event "Titled Tuesday intern op 14th Jun Late"]
[Site "Chess.com INT"]
[Date "2022.06.14"]
[Round "10"]
[White "Chiu, Isaac"]
[Black "Keller, Peter1111"]
[Result "1-0"]
[WhiteElo "2245"]
[BlackElo "2377"]
[PlyCount "101"]
[EventDate "2022.06.14"]
[EventType "swiss (blitz)"]
[EventRounds "11"]
[EventCountry "USA"]
[SourceTitle "EXT 2023"]
[Source "ChessBase"]
[SourceDate "2022.10.05"]
[SourceVersion "1"]
[SourceVersionDate "2022.10.05"]
[SourceQuality "1"]

1. d4 f5 2. c4 Nf6 3. g4 Nxg4 4. e4 d6 5. Be2 Nf6 6. exf5 Bxf5 7. Nc3 e6 8. Bf3 c6 9. Nge2 Nbd7 10. Ng3 Bg6 11. h4 d5 12. h5 Bf7 13. Qe2 Bb4 14. h6 g6 15. Bg5 Qa5 16. 0-0 0-0 17. c5 Qd8 18. Qe3 Ba5 19. a3 Bc7 20. b4 e5 21. Bg2 e4 22. b5 Qe8 23. bxc6 bxc6 24. Rab1 Rb8 25. Qe2 Qe6 26. Qa6 Rxb1 27. Rxb1 e3 28. Nce2 exf2+ 29. Kxf2 Ng4+ 30. Kg1 Ne3 31. Qd3 Nxg2 32. Kxg2 Qg4 33. Be7 Re8 34. Bd6 Bd8 35. Qf3 Qxf3+ 36. Kxf3 Bg5 37. Rb7 Nf6 38. Be5 Nh5 39. Nxh5 gxh5 40. Rxa7 Bxh6 41. Ng3 h4 42. Nf5 Bf8 43. Rc7 h3 44. Kg3 Re6 45. Kxh3 Rg6 46. Nh4 Be6+ 47. Kh2 Rg4 48. Nf3 Bh6 49. Rxc6 Bf5 50. Rxh6 Be4 51. Nh4 1-0

[Event "Dulles Cherry Blossom op"]
[Site "Dulles"]
[Date "2022.05.28"]
[Round "4"]
[White "Sriniaiyer, Sudarshan"]
[Black "Chiu, Isaac"]
[Result "0-1"]
[WhiteElo "2181"]
[BlackElo "2245"]
[PlyCount "82"]
[EventDate "2022.05.26"]
[EventType "swiss"]
[EventRounds "9"]
[EventCountry "USA"]
[SourceTitle "CBM 208 Extra"]
[Source "ChessBase"]
[SourceDate "2022.07.31"]
[SourceVersion "1"]
[SourceVersionDate "2022.07.31"]
[SourceQuality "1"]

1. d4 Nf6 2. c4 g6 3. Nc3 d5 4. Nf3 Bg7 5. Bf4 dxc4 6. e3 c5 7. Bxc4 cxd4 8. Nxd4 0-0 9. Rc1 Qa5 10. Nb3 Qb4 11. Qe2 Ne4 12. 0-0 Nxc3 13. bxc3 Qa3 14. e4 Nd7 15. Be3 Qd6 16. Rfd1 Qc7 17. Bd4 Ne5 18. Bd3 Ng4 19. g3 Ne5 20. f3 h5 21. Nd2 Rd8 22. Nf1 Nxd3 23. Qxd3 Bh3 24. Qe2 Bh6 25. Be3 Rxd1 26. Qxd1 Rd8 27. Qe1 Bg7 28. Qf2 b6 29. c4 Qc6 30. Nd2 Qa4 31. Nb3 Qxc4 32. Rxc4 Rd1+ 33. Qe1 Rxe1+ 34. Kf2 Rh1 35. g4 hxg4 36. Kg3 Re1 37. Bf2 Re2 38. Nc1 Be5+ 39. f4 Bxf4+ 40. Kxf4 Rxf2+ 41. Kg5 Kg7 0-1

[Event "Dulles Cherry Blossom op"]
[Site "Dulles"]
[Date "2022.05.28"]
[Round "5"]
[White "Steingrimsson, Hedinn"]
[Black "Chiu, Isaac"]
[Result "1-0"]
[WhiteElo "2534"]
[BlackElo "2245"]
[PlyCount "125"]
[EventDate "2022.05.26"]
[EventType "swiss"]
[EventRounds "9"]
[EventCountry "USA"]
[SourceTitle "CBM 208 Extra"]
[Source "ChessBase"]
[SourceDate "2022.07.31"]
[SourceVersion "1"]
[SourceVersionDate "2022.07.31"]
[SourceQuality "1"]

1. d4 d5 2. c4 dxc4 3. e4 e5 4. Nf3 exd4 5. Bxc4 Nc6 6. 0-0 Be6 7. Bb5 Bc5 8. b4 Bb6 9. a4 a6 10. Bxc6+ bxc6 11. Bb2 Ne7 12. a5 Ba7 13. Bxd4 Bxd4 14. Nxd4 Qd6 15. Qd2 0-0 16. Qc3 Rfb8 17. Nc2 Ng6 18. Nba3 Nf4 19. Rfe1 f6 20. Re3 Rd8 21. Nc4 Bxc4 22. Qxc4+ Kh8 23. h3 Ng6 24. Rc3 Ne5 25. Qe2 Rab8 26. Qe3 Rb5 27. f4 Ng6 28. Rf1 Ne7 29. Rf2 f5 30. Rc4 fxe4 31. Rxe4 Ng8 32. Re2 h6 33. Kh2 Nf6 34. Re6 Qd5 35. Qg3 Rg8 36. Qg6 Qh5 37. Qxh5 Nxh5 38. g3 c5 39. bxc5 Rxc5 40. Rxa6 Rc3 41. Rg6 Ra8 42. a6 c6 43. Nb4 Kh7 44. f5 Rb3 45. Nxc6 Rxa6 46. Nd4 Rba3 47. g4 Nf4 48. Rxa6 Rxa6 49. Re4 Nd5 50. Re5 Nf6 51. Re7 Nd5 52. Rd7 Nf6 53. Rb7 Ne4 54. Ne6 Ra2+ 55. Kg1 Nd2 56. Rxg7+ Kh8 57. Rd7 Nf3+ 58. Kf1 Nh2+ 59. Ke1 Nf3+ 60. Kd1 Rh2 61. f6 Ne5 62. Rd8+ Kh7 63. Nf8+ 1-0

[Event "Titled Tuesday intern op 15 Mar Late"]
[Site "Chess.com INT"]
[Date "2022.03.15"]
[Round "5"]
[White "Chiu, Isaac"]
[Black "Batsiashvili, Nino"]
[Result "1-0"]
[WhiteElo "2245"]
[BlackElo "2472"]
[PlyCount "79"]
[EventDate "2022.03.15"]
[EventType "swiss (blitz)"]
[EventRounds "11"]
[EventCountry "USA"]
[SourceTitle "CBM 207 Extra"]
[Source "ChessBase"]
[SourceDate "2022.05.31"]
[SourceVersion "1"]
[SourceVersionDate "2022.05.31"]
[SourceQuality "1"]

1. e3 d5 2. g4 c5 3. Bg2 Nc6 4. b3 e5 5. Bb2 Be6 6. h4 Qd7 7. g5 h6 8. d3 hxg5 9. hxg5 Rxh1 10. Bxh1 0-0-0 11. Qh5 g6 12. Qh7 Nge7 13. Nd2 Nf5 14. a3 Bg7 15. Qh2 Rh8 16. Qg2 Rh5 17. 0-0-0 Qd8 18. Ngf3 a5 19. e4 Nfe7 20. exd5 Nxd5 21. a4 Nf4 22. Qf1 Nb4 23. Ne4 Qc7 24. Kb1 Rh8 25. Nfd2 Rd8 26. Nc4 Bxc4 27. dxc4 Ne6 28. Nc3 Rxd1+ 29. Qxd1 Nd4 30. Be4 Qd8 31. Qg4+ Qd7 32. Qh4 Kb8 33. Qh7 Bf8 34. Qh8 Qd6 35. Nb5 Nxb5 36. Bxe5 Qxe5 37. Qxe5+ Bd6 38. Qe8+ Ka7 39. Qxb5 Bc7 40. Qxb7# 1-0